Die Frau Im Alten Ägypten
| Main Author: | |
|---|---|
| Format: | Book |
| Language: | Undetermined |
| Published: |
Wien-München
Anton Schroll & Co
1969
|
MARC
| LEADER | 00000nam a2200000 a 4500 | ||
|---|---|---|---|
| 001 | vtls001391575 | ||
| 003 | SK-MaSNL | ||
| 005 | 20260301140712.0 | ||
| 008 | 240315s1969 xx 0 und | ||
| 035 | |a SNK000345856 | ||
| 040 | |a SNK |b slo |c SNK |e AACR2 | ||
| 100 | 1 | |a Wenig, Steffen |4 aut |9 493687 | |
| 245 | 1 | 4 | |a Die Frau Im Alten Ägypten |
| 260 | |a Wien-München |b Anton Schroll & Co |c 1969 | ||
| 300 | |a 112 s. | ||
| 958 | |a OND | ||
| 999 | |c 764721 |d 766651 | ||
| 952 | |t P60, <04>, [BOOK], {604} |a SNK |b SNK |y VYP |7 0 |p 17A0243036 |o snkIB 24849 |0 0 |1 0 |4 0 |d 2000-06-27 |l 0 |r 2005-01-02 00:00:00 |w 2026-02-24 | ||


